00532nam a2200193 a 4500001001300000003000900013005001700022008004100039020001100080082001600091100002100107245005800128260003700186300000900223500003500232505002200267650002800289700002100317nice12345678IN_TiNIC20260116012054.0050524s1966 lona grp 000 0 eng  ac40.800a248.24bJON aJones, E Stanley aConversionb Waht Is Conversion? How Does It Happens? aLondonbHodder & Stoughtonc1966 a253p aincludes index and biblioraphy2 aIndex of Churches aConversion-Christianity1 aJones, E Stanley